Sabrina Carpenter - Albums par ordre chronologique - Statistiques

Statistiques générales
  • Ce quiz a été pris 55 fois
    33 depuis la dernière actualisation
  • Le résultat moyen est 8 sur 8
Statistiques - réponses
Hint Réponse % Correct
2022 emails i can't send
100%
2015 Eyes Wide Open
96%
2025 Man's Best Friend
96%
2024 Short n' Sweet
96%
2018 Singular Act I
96%
2019 Singular Act II
96%
2016 EVOLution
91%
2023 fruitcake
87%
Aucun quiz correspondant
Distribution des résultats
% des personnes avec chaque résultat
Percentile par nombre de réponses
Votre historique - résultats
Vous n’avez pas pris ce quiz depuis la dernière actualisation